| 000 | 01364cam a22003374a 4500 | ||
|---|---|---|---|
| 001 | 13821462 | ||
| 003 | ARRUPE | ||
| 005 | 20131219173605.0 | ||
| 008 | 041220s2005 nbu b s000 0 eng | ||
| 010 | _a 2004065911 | ||
| 020 | _a0803235763 (cloth : alk. paper) | ||
| 040 |
_aDLC _cDLC _dDLC |
||
| 041 | 1 |
_aeng _ayor _hyor |
|
| 042 | _apcc | ||
| 050 | 0 | 0 |
_aPN6519.Y6 _bO97 2005 |
| 082 | 0 | 0 |
_a398/.996333 _222 |
| 100 | 1 |
_aOwomoyela, Oyekan. _96183 |
|
| 245 | 1 | 0 |
_aYoruba proverbs / _cOyekan Owomoyela. |
| 260 |
_aLincoln : _bUniversity of Nebraska Press, _cc2005. |
||
| 300 |
_ax, 502 p. ; _c26 cm. |
||
| 504 | _aIncludes bibliographical references (p. [501]-502). | ||
| 546 | _aParallel English and Yoruba. | ||
| 650 | 0 |
_aProverbs, Yoruba. _96184 |
|
| 650 | 0 |
_aProverbs, Yoruba _vTranslations into English. _96185 |
|
| 856 | 4 | 1 |
_3Table of contents _uhttp://www.loc.gov/catdir/toc/fy0602/2004065911.html |
| 856 | 4 | 2 |
_3Contributor biographical information _uhttp://www.loc.gov/catdir/enhancements/fy0708/2004065911-b.html |
| 856 | 4 | 2 |
_3Publisher description _uhttp://www.loc.gov/catdir/enhancements/fy0708/2004065911-d.html |
| 906 |
_a7 _bcbc _corignew _d1 _eocip _f20 _gy-gencatlg |
||
| 942 |
_2lcc _cMONOGRAPH |
||
| 999 |
_c119416 _d119416 |
||